The Legacy of Edoardo Amaldi in science and society (Record no. 18203)

MARC details
000 -LEADER
fixed length control field 00637nam a2200193Ia 4500
003 - CONTROL NUMBER IDENTIFIER
control field IN-BaIIA
008 - FIXED-LENGTH DATA ELEMENTS--GENERAL INFORMATION
fixed length control field 211028s9999 xx 000 0 eng d
020 ## - INTERNATIONAL STANDARD BOOK NUMBER
International Standard Book Number 978-88-7438-098-5
040 ## - CATALOGING SOURCE
Transcribing agency IIA Library
080 ## - UNIVERSAL DECIMAL CLASSIFICATION NUMBER
Universal Decimal Classification number 53:92(082.1)
Item number THE
245 #4 - TITLE STATEMENT
Title The Legacy of Edoardo Amaldi in science and society
Remainder of title proceedings of conference held in Rome, October 23-25, 2008
Statement of responsibility, etc. edited by F. Ferroni
250 ## - EDITION STATEMENT
Edition statement 2nd ed.
260 ## - PUBLICATION, DISTRIBUTION, ETC.
Place of publication, distribution, etc. Bologna
Name of publisher, distributor, etc. Societa Italiana di Fisica
Date of publication, distribution, etc. 2010
300 ## - PHYSICAL DESCRIPTION
Extent x, 503p.
650 ## - SUBJECT ADDED ENTRY--TOPICAL TERM
Topical term or geographic name entry element Edoardo Amaldi-Biography
9 (RLIN) 34813
650 ## - SUBJECT ADDED ENTRY--TOPICAL TERM
Topical term or geographic name entry element Scientific contributions
9 (RLIN) 34814
700 ## - ADDED ENTRY--PERSONAL NAME
Personal name Ferroni, F. ed.
9 (RLIN) 34815
942 ## - ADDED ENTRY ELEMENTS (KOHA)
Koha item type Books
Holdings
Withdrawn status Lost status Damaged status Not for loan Home library Current library Shelving location Date acquired Total Checkouts Full call number Barcode Date last seen Price effective from Koha item type
        IIA Library-Bangalore IIA Library-Bangalore General Stacks 02/01/2012   53:92(082.1)/ THE 19125 05/11/2021 02/01/2012 Books

Powered by Koha